Alimenti con lettera iniziale S - Statistics

Statistiche generali
  • Questo quiz è stato fatto 137 volte
  • Il punteggio medio è 10 su 12
Statistiche sulle risposte
con Immagini Risposta % Corretto
Salame
100%
Sushi
99%
Salmone
97%
Spaghetti
97%
Salsiccia
95%
Sardine
91%
Spiedino
90%
Strudel
80%
Sfogliatella
77%
Sogliola
74%
Stracchino
65%
Spinaci
54%
Nessun quiz corrispondente trovato
Distribuzione punteggi
Percentuale di utenti per punteggio
Percentile per numero di risposta
I tuoi punteggi nel tempo
Non hai fatto questo quiz